Металловедение: учебник для вузов

Detaylı Bibliyografya
Yazar: Гуляев А. П.
Diğer Yazarlar: Гуляев А. А.
Özet:В седьмое издание учебника (шестое издано в 1986 г.) внесены изменения и дополнения, связанные с развитием теоретического металловедения, с разработкой новых металлических материалов и новых технологических процессов термической обработки. Приведены справочные сведения практически о всех видах металлических материалов. Учебник предназначен для студентов металлургических, машиностроительных и политехнических вузов. Может быть полезен инженерно-техническим работникам металлургической, машиностроительной и других отраслей промышленности.
Dil:Rusça
Baskı/Yayın Bilgisi: Москва, Альянс, 2012
Edisyon:7-е изд., перераб. и доп.
Konular:
Materyal Türü: Kitap
KOHA link:https://koha.lib.tpu.ru/cgi-bin/koha/opac-detail.pl?biblionumber=217281

MARC

LEADER 00000nam0a2200000 4500
001 217281
005 20231101230114.0
010 |a 9785903034987 
035 |a (RuTPU)RU\TPU\book\237275 
035 |a RU\TPU\book\215358 
090 |a 217281 
100 |a 20120604d2012 m y0rusy50 ca 
101 0 |a rus 
102 |a RU 
105 |a a j 001zy 
200 1 |a Металловедение  |e учебник для вузов  |f А. П. Гуляев, А. А. Гуляев 
205 |a 7-е изд., перераб. и доп. 
210 |a Москва  |c Альянс  |d 2012 
215 |a 644 с.  |c ил. 
320 |a Библиография в конце глав. 
320 |a Предметный указатель: с. 637-643. 
330 |a В седьмое издание учебника (шестое издано в 1986 г.) внесены изменения и дополнения, связанные с развитием теоретического металловедения, с разработкой новых металлических материалов и новых технологических процессов термической обработки. Приведены справочные сведения практически о всех видах металлических материалов. Учебник предназначен для студентов металлургических, машиностроительных и политехнических вузов. Может быть полезен инженерно-техническим работникам металлургической, машиностроительной и других отраслей промышленности. 
451 1 |0 (RuTPU)RU\TPU\book\34188  |t Металловедение  |o учебное пособие  |f А. П. Гуляев  |e 6-е изд., перераб. и доп.  |c М.  |n Стройиздат  |d 1986  |p 544 с.  |a Гуляев, Александр Павлович 
606 1 |a Металловедение  |x Общие вопросы  |2 stltpush  |3 (RuTPU)RU\TPU\subj\42403  |9 62070 
610 1 |a сплавы 
610 1 |a металлы 
610 1 |a кристаллическое строение 
610 1 |a кристаллизация 
610 1 |a механические свойства 
610 1 |a наклеп 
610 1 |a рекристаллизация 
610 1 |a теория 
610 1 |a диаграммы состояний 
610 1 |a железоуглеродистые сплавы 
610 1 |a углеродистые стали 
610 1 |a чугун 
610 1 |a термическая обработка 
610 1 |a сталь 
610 1 |a поверхностная закалка 
610 1 |a химико-термическая обработка 
610 1 |a легированные стали 
610 1 |a легирующие элементы 
610 1 |a классификация 
610 1 |a маркировка 
610 1 |a конструкционные стали 
610 1 |a жаростойкие стали 
610 1 |a жаропрочные сплавы 
610 1 |a жаропрочные стали 
610 1 |a коррозионностойкие сплавы 
610 1 |a коррозионностойкие стали 
610 1 |a износостойкие сплавы 
610 1 |a износостойкие стали 
610 1 |a титан 
610 1 |a тугоплавкие металлы 
610 1 |a тепловые свойства 
610 1 |a упругие свойства 
610 1 |a магнитные сплавы 
610 1 |a магнитные стали 
610 1 |a атомная энергетика 
610 1 |a теплоносители 
610 1 |a медные сплавы 
610 1 |a подшипниковые сплавы 
610 1 |a припои 
610 1 |a сплавы цветных металлов 
610 1 |a учебники 
675 |a 669.017(075.8)  |v 3 
700 1 |a Гуляев  |b А. П. 
701 1 |a Гуляев  |b А. А. 
801 1 |a RU  |b 63413507  |c 20060704  |g PSBO 
801 2 |a RU  |b 63413507  |c 20200911  |g PSBO 
900 |a Металловедение и термическая обработка 
900 |a Технология металлов и трубопроводностроительных материалов 
942 |c BK 
959 |a 59/20060626  |d 2  |e 5500,00  |f ЧЗТЛ:2